000 00587nam a2200169 i 4500
001 69403
003 ES-MaACL
005 20230906170519.0
007 t|
008 040705s1966 sp ||||1| spa d
100 1 _aGarcía-Bravo Ferrer, José María.
_954290
245 1 0 _aPregón de Semana Santa:
_bpronunciado en el Teatro de San Fernando... día 27 de marzo /
_cJosé María García Bravo-Ferrer.
260 _aSevilla :
_b[s.n.,
_c1966] (
_fImp. Gráficas del Sur)
300 _a74 p., 6 lám. ;
_c22 cm.
650 4 _aSemana Santa-
_zSevilla.
_9139242
852 _aES-MaACL
_jC-29361
999 _c69403
_d69403